| 000 | 00667nam a2200229 a 4500 | ||
|---|---|---|---|
| 999 |
_c2938 _d2938 |
||
| 001 | 2938 | ||
| 003 | BD-JhCC | ||
| 005 | 20201209134020.0 | ||
| 008 | 171108s2010 bg a|||| |||| 000 0 mul d | ||
| 020 | _a98470152010747 | ||
| 035 | _a(BD-JhCC) 2938 | ||
| 040 |
_aBD-JhCC _dBD-JhCC |
||
| 041 | _aben | ||
| 082 |
_a567.90978896 _bROY 2010 |
||
| 245 |
_aডাইনোসরপিডিয়া / _cভবেশ রায় |
||
| 260 |
_aঢাকা : _bঅনুপম প্রকাশনী, _c২০১০. |
||
| 300 |
_a২০৩ পৃ. : _bill. ; _c২২ সেমি. |
||
| 650 | _aDinosaur | ||
| 650 | _aAnimal | ||
| 942 |
_2ddc _cBK _02 |
||